000 00594nam a2200193Ia 4500
005 20260120124541.0
008 008 260114s9999 xx 000 0 eng d
020 _a9781783500284
037 _aEBOOK
040 _aCRL
_beng
_cCRL
041 _aeng
_2eng
084 _qCRL
245 0 _aVisions of the st Century Family: Transforming Structures and Identities
260 _bEmerald Publishing
_c2013
700 _aPatricia Neff Claster
_9907670
856 _uhttps://www.emerald.com/insight/publication/doi/10.1108/S1530-3535(2013)7
942 _cEBOOK
999 _c1499550
_d1499550